000 00775nam a22002417a 4500
005 20170124110003.0
010 _aA-701512
020 _c00.00
035 _aA-701512
037 _bCen Lib/Ret
040 _aDPL
_bEN
082 _a351.00313
_bNEH
245 _aNehru to the nineties :
_cby B. D. Dua...[et al.]; edited by James Manor...[et al]
_bthe changing office of prime minister in India /
260 _aNew Delhi
_bViking
_c1994
270 _a210, Chiranjiv Tower, 43, Nehru Place
_bNew Delhi
_e110019
300 _ax,261p.
_c22cm(Hb)
500 _aIncludes index
650 _aPrime ministers
_916267
650 _aExecutive power
_916268
700 _aDua, B.D.
_916266
700 _aManor, James
_916294
942 _2ddc
_cEN
_h351.00313
_mDAU
999 _c125999
_d125999